Online Catalogue and eLibrary

Markers on the way : (Record no. 375)

MARC details
000 -LEADER
fixed length control field 00433nam a22001457a 4500
005 - DATE AND TIME OF LATEST TRANSACTION
control field 20240212062225.0
008 - FIXED-LENGTH DATA ELEMENTS--GENERAL INFORMATION
fixed length control field 240212b |||||||| |||| 00| 0 eng d
082 ## - DDC Classification
DDC Edition Number 22
Class No. 306.
245 ## - TITLE STATEMENT
Title Markers on the way :
Remainder of title The DAWN Debates on alternative development /
260 ## - PUBLICATION, DISTRIBUTION, ETC.
Place of publication, distribution, etc. West indies,
Name of publisher, distributor, etc. Development Alternatives with wome for a new Era ( Dawn),
Date of publication, distribution, etc. 1995.
300 ## - PHYSICAL DESCRIPTION
Extent (e.g. Volumes, Pages etc.) 46 p.,
650 ## - SUBJECT ADDED ENTRY--TOPICAL TERM
Topical term or geographic name entry element feminist.
650 ## - SUBJECT ADDED ENTRY--TOPICAL TERM
Topical term or geographic name entry element Environment.
942 ## - Koha item type (Biblio)
Koha item type Books in Stacks (Lending)
Holdings
Lost status Damaged status Collection code Home library Current library Date acquired Full call number Accession Number Item type
    Lending WERC Library WERC Library 02/12/2024 306. 2660 Books in Stacks (Lending)

© WERC Library